000 00446nam a2200181Ia 4500
001 25098
005 20260414151127.0
008 260414t2012||||xx |||||||||||||| ||spa||
041 _aESP
082 _a346.2
_bG312
100 _aVarsi Rospigliosi, Enrique
_eAUT
245 0 _aJurisprudencia sobre derecho de familia
_b
260 _c2012
300 _a438 páginas :
_c24 cm.
650 _aDER
654 _aCDE
942 _cLIB
_dJUS
_fJUS
_2ddc
_n
999 _c25098
_d25098